000 00507nam a2200193Ia 4500
001 14275
003 IN-NITTTR
005 20251114233134.0
008 251113s9999||||xx |||||||||||||| ||eng||
040 _beng
040 _cIN-NITTTR
041 _aeng
082 _a516.16 S57T
100 _aSondhi, R. K.
245 0 _aText book on co-ordinate geometry and solid geometry. /
_cSondhi, R. K., Mahajan, S. P., Kohli, V. K.
700 _a Kohli, V. K.
700 _a Mahajan, S. P.
942 _2ddc
_cBK
999 _c16911
_d16911